|
|
|
|
| LEADER |
00000nab a2200000 a 4500 |
| 001 |
vtls000178323 |
| 003 |
SK-MaSNL |
| 005 |
20260304063451.0 |
| 008 |
250422c1983 xo 0 slo |
| 015 |
|
|
|a SNBRB19rr/mm-uuuuu
|
| 035 |
|
|
|a CL0188436
|
| 035 |
|
|
|a urn:nbn:sk:snk-ab2jpq
|
| 035 |
|
|
|a (urnnbn)urn:nbn:sk:snk:ar-a02igt
|
| 035 |
|
|
|a (uuid)c205e5ab-2df7-490d-b94e-40177233fc51
|
| 040 |
|
|
|a SNKBUCL
|b slo
|c SNKBUCL
|e AACR2
|
| 041 |
0 |
|
|a cze
|
| 044 |
|
|
|a xo
|c SK
|
| 080 |
|
|
|a 25:1 100.220.21
|2 1981
|
| 080 |
|
|
|a 1 100.220.21
|2 1981
|
| 080 |
|
|
|a 141.45
|2 1981
|
| 080 |
|
|
|a 141.82
|2 1981
|
| 100 |
1 |
|
|a Karola, Josef
|4 aut
|9 450981
|
| 245 |
1 |
0 |
|a O afirmaci práce v katolické teologii
|c Josef Karola
|
| 300 |
|
|
|b Res. rus., nem., lit. 73 zázn.
|
| 650 |
0 |
7 |
|a afirmácia práce
|2 snkbucl
|9 1349954
|
| 650 |
0 |
7 |
|a katolícka teológia
|2 snkbucl
|9 4021
|
| 655 |
|
7 |
|a články z novín a časopisov
|2 snkbucl
|9 267496
|
| 773 |
0 |
|
|t Ateizmus
|g Roč. 11, č. 6 (1983), s. 539-558
|
| 850 |
|
|
|a Slovenská národná knižnica
|
| 852 |
|
|
|a Slovenská národná knižnica
|
| 954 |
|
|
|a odborná, vedecká literatúra cudzojazyčná (svetová)
|2 lita
|
| 958 |
|
|
|a article2022
|
| 958 |
|
|
|a NB
|
| 958 |
|
|
|a RK
|
| 958 |
|
|
|a CZ
|
| 958 |
|
|
|a OND
|
| 958 |
|
|
|a EUIPO
|
| 992 |
|
|
|a RBX
|
| 999 |
|
|
|c 2742713
|d 2744643
|